header

Revenge of the Sith (Record no. 262985)

MARC details
000 -LEADER
fixed length control field 00249nam a22001097a 4500
020 ## - INTERNATIONAL STANDARD BOOK NUMBER
ISBN 9781465408693
100 ## - MAIN ENTRY--AUTHOR NAME
Personal name Elizabeth Dowsett
245 ## - TITLE STATEMENT
Title Revenge of the Sith
260 ## - PUBLICATION, DISTRIBUTION, ETC. (IMPRINT)
Place of publication USA
Name of publisher Dorling Kindersley
Year of publication 2013
490 ## - SERIES STATEMENT
Series statement Star Wars
942 ## - ADDED ENTRY ELEMENTS (KOHA)
Koha item type Long Loan Books
Holdings
Withdrawn status Lost status Collection code Home library Current library Shelving location Date acquired Accession Number Koha item type
    Fiction Rongo University Library Rongo University Library Children's Area 22/02/2024 CL20222013 Long Loan Books

© 2026 Rongo University
Contact us: librarian | system librarian | Rongo university